000 00592nam a2200205Ia 4500
005 20250508155033.0
008 008 250505s9999 xx 000 0 eng d
037 _aTextual
040 _aFEDL
_beng
_cFEDL
041 _aeng
_2eng
084 _a370.6, IND
_qFEDL
245 0 _aRecommendations of state education ministers conference
245 0 _cGovernment of India. Minsitry of Education
260 _c1966
300 _a21p.
546 _aHeld at New Delhi on November 10-12, 1963
650 _aEducation
942 _cTEXL
_h370.6, IND
999 _c1353587
_d1353587